Russian Cities with 1m Population - Statistics

General Stats
  • This quiz has been taken 176 times
  • The average score is 9 of 13
Answer Stats
Rank City % Correct
1 Moscow
99%
2 St Petersburg
98%
5 Kazan
73%
11 Volgograd
73%
7 Yekaterinburg
71%
4 Nizhny novgorod
68%
3 Novosibirsk
67%
9 Rostov
67%
12 Omsk
65%
6 Chelyabinsk
63%
10 Ufa
62%
8 Samara
61%
13 Perm
56%
No matching quizzes found
Score Distribution
Percent of People with Each Score
Percentile by Number Answered
Your Score History
You have not taken this quiz